000 00419nam a2200169Ia 4500
008 131103s9999 xx 000 0 und d
020 _cRs.5.50
040 _aLoreto College
041 _aEnglish
082 _a915/DIS
_bLCBED/
245 _aDiscovering geography
_b book I
260 _aNew Delhi
_bHemkunt
_c1980
300 _a84p.
_b ill.
_c 23cm.
650 _aGeography
850 _aLCBED/915/DIS
942 _cBK
999 _c29110
_d79589